000 01106cab a22002175a 4500
001 L141589
008 071204e20071103xxkado f 000 0 eng d
035 _a(Sirsi) u141589
041 0 _aeng
100 1 _aPilkington, Lisa
245 0 0 _aFocus
_bEast Midlands special
490 _aEstates Gazette
_v(0744) 3 November 2007, 132-162(15)
520 _aReports that although the overall office market has performed well, problems have beset the industrial and retail sectors. Raises concerns that while Derby's new and expanded shopping developments will succeed, it may be to the detriment of the rest of the region. Reports that there are early signs of the hotel industry considering the East Midlands for future developments. The sector is poorly represented in the area. Compares infrastructural developments in Derby with those in Nottingham and finds the former lacking.
590 _aKA
651 4 _aEast Midlands
690 _aPROPERTY-COMMERCIAL PROPERTY-COMMERCIAL PROPERTY MARKET
700 1 _aHayes Watkins, Andrew
700 1 _aElghamry, Nadia
700 1 _aThame, David
942 _n0
999 _c79529
_d79529